00612nam a22001937a 450000500170000001000150001702000260003203500140005803700130007208200120008510000160009724500970011325000120021026000290022227000650025130000370031650000440035370000210039720181110162211.0 aENG-124475 a9789353063610c699.00 aEN-108007 bDBAD/PUB a005.117 aLewis, John aJava softwar solutions:cby John Lewis [and] William LoftusbFoundations of program design / a9th ed. aNew DelhibPearsonc2018 a14 Local Shopping Centre, Panchsheel ParkbNew Delhie110017 axii,various paging.c24cm. (pbk) aIt includes short questions and answers a Loftus, William